Universal Design in Higher Education : from principles to practice /

Enregistré dans:
Détails bibliographiques
Format: Livre
Publié: Cambridge : Harvard University Press, 2008
Tags: Ajouter un tag
Pas de tags, Soyez le premier à ajouter un tag!

MARC

LEADER 00000nam a22000003a 4500
001 stu273409
005 20141123192117.5
008 130822s2008----------------------------d
020 |a 978-1-891792-90-8 
040 |a STU  |b slo 
041 0
245 |a Universal Design in Higher Education :  |b from principles to practice /  |c Ed by S.E.Burgstahler 
260 |a Cambridge :  |b Harvard University Press,  |c 2008 
300 |a 308 s 
996 |b 284AU05847  |c A*8645  |l AA8180  |s P  |a 0  |w stu273409_0001